[Event "SVK-chT1W 1920"]
[Site "Slovakia"]
[Date "2019.10.12"]
[Round "1.8"]
[White "Joba, Ferdinand"]
[Black "Capak, Stefan"]
[Result "0-1"]
[WhiteElo "1719"]
[BlackElo "1934"]
[PlyCount "70"]
[EventDate "2019.10.12"]
[EventType "team-tourn"]
[EventRounds "11"]
[EventCountry "SVK"]
[SourceTitle "CBM 193 Extra"]
[Source "ChessBase"]
[SourceDate "2020.01.31"]
[SourceVersion "1"]
[SourceVersionDate "2020.01.31"]
[SourceQuality "1"]
[WhiteTeam "Batorove Kosihy"]
[BlackTeam "Povazska Bystrica"]
[WhiteTeamCountry "SVK"]
[BlackTeamCountry "SVK"]

1. e4 c5 2. Nf3 e6 3. c4 Nc6 4. d4 cxd4 5. Nxd4 Nf6 6. Nc3 Bb4 7. Nxc6 dxc6 8. Bd2 Qd4 9. Qf3 e5 10. Rd1 Bg4 11. Qe3 Qxe3+ 12. Bxe3 Bxd1 13. Kxd1 Bxc3 14. bxc3 Nxe4 15. Kc2 0-0 16. Bd3 Nd6 17. Bc5 Rfd8 18. Rd1 g6 19. Be2 Ne4 20. Be3 Rxd1 21. Bxd1 Nd6 22. Be2 b6 23. Bf3 Nxc4 24. Bxc6 Nxe3+ 25. fxe3 Rc8 26. Bf3 f5 27. e4 f4 28. Bg4 Rc6 29. Kb3 Kf7 30. c4 Ke7 31. a3 Rd6 32. Bf3 Rd4 33. h3 Kd6 34. h4 a5 35. Kc3 Kc5 0-1

[Event "SVK-chT1W 1819"]
[Site "Slovakia"]
[Date "2019.03.17"]
[Round "11.7"]
[White "Joba, Ferdinand"]
[Black "Sukuba, Zdeno"]
[Result "1/2-1/2"]
[WhiteElo "1724"]
[BlackElo "2150"]
[PlyCount "61"]
[EventDate "2018.10.27"]
[EventType "team-tourn"]
[EventRounds "11"]
[EventCountry "SVK"]
[SourceTitle "CBM 189 Extra"]
[Source "ChessBase"]
[SourceDate "2019.06.03"]
[SourceVersion "1"]
[SourceVersionDate "2019.06.03"]
[SourceQuality "1"]
[WhiteTeam "Batorove Kosihy"]
[BlackTeam "Dubnica nad Vahom II"]
[WhiteTeamCountry "SVK"]
[BlackTeamCountry "SVK"]

1. e4 c6 2. Nf3 d5 3. Nc3 Bg4 4. h3 Bxf3 5. Qxf3 e6 6. exd5 cxd5 7. Bb5+ Nc6 8. 0-0 Nf6 9. Qg3 Qd6 10. Qxd6 Bxd6 11. d3 Rc8 12. Bxc6+ Rxc6 13. Nb5 Bc5 14. d4 Bb6 15. c3 a6 16. Na3 Kd7 17. Bf4 Bc7 18. Bxc7 Rxc7 19. f3 Ne8 20. Nc2 Nd6 21. Ne3 Nc4 22. Nxc4 Rxc4 23. f4 g6 24. Kf2 b5 25. Ke3 Rb8 26. a3 a5 27. g4 f6 28. Kd3 Rbc8 29. Rf2 R8c7 30. Re2 R4c6 31. Rae1 1/2-1/2